[Event "Mittelfrankenliga-B2a 0708"]
[Site "Mittelfranken"]
[Date "2007.11.25"]
[Round "3.7"]
[White "Schoemig, Anton"]
[Black "Hetzner, Andreas"]
[Result "0-1"]
[WhiteElo "1886"]
[BlackElo "1756"]
[PlyCount "38"]
[EventDate "2007.10.14"]
[EventType "team-tourn"]
[EventRounds "9"]
[EventCountry "GER"]
[SourceTitle "EXT 2011"]
[Source "ChessBase"]
[SourceDate "2010.11.26"]
[SourceVersion "1"]
[SourceVersionDate "2010.11.26"]
[SourceQuality "1"]
[WhiteTeam "Altensittenbach II"]
[BlackTeam "Erlangen SC II"]
[WhiteTeamCountry "GER"]
[BlackTeamCountry "GER"]

1. d4 e6 2. c4 Nf6 3. Nc3 b6 4. e4 Bb4 5. f3 Bb7 6. e5 Nh5 7. Be3 Nc6 8. g4 f6 9. gxh5 fxe5 10. a3 Be7 11. Ne4 Bh4+ 12. Ng3 Qf6 13. Bg2 exd4 14. Bf2 e5 15. Qd3 0-0 16. 0-0-0 Bxg3 17. hxg3 e4 18. Qxe4 Na5 19. Qxd4 Nb3+ 0-1

[Event "Mittelfrankenliga-B2a 0607"]
[Site "Mittelfranken"]
[Date "2006.11.12"]
[Round "2.5"]
[White "Triphan, Michael"]
[Black "Hetzner, Andreas"]
[Result "1-0"]
[WhiteElo "1845"]
[BlackElo "1762"]
[PlyCount "51"]
[EventDate "2006.10.22"]
[EventType "team-tourn"]
[EventRounds "9"]
[EventCountry "GER"]
[SourceTitle "EXT 2011"]
[Source "ChessBase"]
[SourceDate "2010.11.26"]
[SourceVersion "1"]
[SourceVersionDate "2010.11.26"]
[SourceQuality "1"]
[WhiteTeam "Erlangen BSGW"]
[BlackTeam "Erlangen SC II"]
[WhiteTeamCountry "GER"]
[BlackTeamCountry "GER"]

1. Nc3 d5 2. e4 d4 3. Nce2 e5 4. Nf3 Nd7 5. Ng3 Ngf6 6. Bc4 Bd6 7. 0-0 Nb6 8. Bb3 Bg4 9. d3 Qd7 10. a4 h5 11. a5 Nc8 12. h3 h4 13. Nf5 Bxf5 14. exf5 Ne7 15. Ng5 Nfd5 16. Qf3 c6 17. Ne4 Bb4 18. f6 gxf6 19. Nxf6+ Nxf6 20. Qxf6 Ng6 21. f4 Rh5 22. fxe5 Nxe5 23. Bg5 Be7 24. Qxe5 Rxg5 25. Qh8+ Bf8 26. Rae1+ 1-0

[Event "Mittelfrankenliga-B2a 0607"]
[Site "Mittelfranken"]
[Date "2006.10.22"]
[Round "1.5"]
[White "Hetzner, Andreas"]
[Black "Habermann, Manfred"]
[Result "1-0"]
[WhiteElo "1762"]
[BlackElo "1897"]
[PlyCount "95"]
[EventDate "2006.10.22"]
[EventType "team-tourn"]
[EventRounds "9"]
[EventCountry "GER"]
[SourceTitle "EXT 2011"]
[Source "ChessBase"]
[SourceDate "2010.11.26"]
[SourceVersion "1"]
[SourceVersionDate "2010.11.26"]
[SourceQuality "1"]
[WhiteTeam "Erlangen SC II"]
[BlackTeam "Herzogenaurach"]
[WhiteTeamCountry "GER"]
[BlackTeamCountry "GER"]

1. e4 e6 2. d4 b6 3. Bd3 Bb7 4. Nd2 g6 5. Ngf3 Bg7 6. c3 d6 7. 0-0 Nd7 8. Re1 Ne7 9. Nf1 h6 10. Ne3 0-0 11. Ng4 Kh7 12. e5 Nf5 13. h3 Bxf3 14. Qxf3 h5 15. Ne3 dxe5 16. Nxf5 exf5 17. Bxf5 gxf5 18. Qxh5+ Kg8 19. dxe5 Nxe5 20. Qxf5 Qf6 21. Qxf6 Bxf6 22. Bh6 Rfe8 23. Re4 Nd3 24. Rg4+ Kh7 25. Be3 Nxb2 26. Rb1 Nc4 27. Rxc4 c5 28. Rd1 Rad8 29. Rxd8 Rxd8 30. g4 Rd3 31. Kf1 Rd1+ 32. Kg2 Kg6 33. Bf4 Rd5 34. Bc7 b5 35. Re4 Bxc3 36. Bf4 Bd4 37. Re7 c4 38. Kf3 Bc5 39. Rc7 Rd3+ 40. Ke4 Bxf2 41. Rc6+ Kh7 42. h4 Rd7 43. h5 Bd4 44. Bd6 Bh8 45. Bb4 Bd4 46. g5 Bb6 47. Bc3 Bd8 48. Rh6+ 1-0

[Event "Mittelfrankenliga-B2a 0506"]
[Site "Germany"]
[Date "2006.04.30"]
[Round "9.6"]
[White "Hetzner, Andreas"]
[Black "Schatz, Werner"]
[Result "0-1"]
[WhiteElo "1777"]
[BlackElo "2010"]
[PlyCount "80"]
[EventDate "2005.10.16"]
[EventType "team"]
[EventRounds "9"]
[EventCountry "GER"]
[SourceTitle "EXT 2007"]
[Source "ChessBase"]
[SourceDate "2006.11.23"]
[SourceVersion "1"]
[SourceVersionDate "2006.11.23"]
[SourceQuality "1"]

1. e4 e5 2. Nf3 Nc6 3. Bb5 g6 4. 0-0 Bg7 5. c3 d6 6. d3 Nge7 7. Nbd2 Bd7 8. Re1 0-0 9. Nf1 a6 10. Bc4 Na5 11. Bb3 Nxb3 12. axb3 c5 13. Ne3 f5 14. Nc4 Qc7 15. Bg5 Rae8 16. Ne3 Bc6 17. Nd2 h6 18. Bxe7 Qxe7 19. c4 Qf7 20. Qf3 h5 21. Nd5 Bh6 22. Nf1 f4 23. h3 Kh7 24. Nh2 Bd7 25. Kh1 Rg8 26. Rg1 Ref8 27. Raf1 Be6 28. Qd1 Bg5 29. Nf3 Bd8 30. Kh2 g5 31. g4 hxg4 32. hxg4 Kg6 33. Kg2 Rh8 34. Rh1 Qd7 35. Nh2 Rh4 36. f3 Rfh8 37. Rf2 Qh7 38. Qg1 Rh3 39. Kf1 Rg3 40. Rg2 Rxf3+ 0-1

[Event "Mittelfrankenliga-B2a 0506"]
[Site "Germany"]
[Date "2006.03.19"]
[Round "7.7"]
[White "Bayer, Willi"]
[Black "Hetzner, Andreas"]
[Result "1-0"]
[WhiteElo "1610"]
[BlackElo "1777"]
[PlyCount "69"]
[EventDate "2005.10.16"]
[EventType "team"]
[EventRounds "9"]
[EventCountry "GER"]
[SourceTitle "EXT 2007"]
[Source "ChessBase"]
[SourceDate "2006.11.23"]
[SourceVersion "1"]
[SourceVersionDate "2006.11.23"]
[SourceQuality "1"]

1. d4 d5 2. e3 Nf6 3. Bd3 e6 4. c3 c5 5. Nd2 c4 6. Bc2 b5 7. a3 Qa5 8. Rb1 Bb7 9. f4 Nc6 10. Ngf3 Ng4 11. Qe2 Qd8 12. 0-0 f5 13. h3 Nf6 14. Ne5 Nxe5 15. fxe5 Ne4 16. Nxe4 dxe4 17. b3 Bd5 18. b4 h5 19. Bd2 g5 20. g3 Be7 21. Be1 Bc6 22. Ra1 a5 23. Qd1 a4 24. Qe2 Kd7 25. Rd1 Qg8 26. Rd2 Rf8 27. Qd1 f4 28. exf4 gxf4 29. Kh2 f3 30. d5 e3 31. dxc6+ Kc7 32. Rd7+ Kc8 33. Rxe7 Rd8 34. Qxf3 Qg5 35. Qf7 1-0

[Event "Erlangen op 18th"]
[Site "Erlangen"]
[Date "2003.??.??"]
[Round "4"]
[White "Esterluss, Johannes"]
[Black "Hetzner, Andreas"]
[Result "1/2-1/2"]
[WhiteElo "2013"]
[BlackElo "1820"]
[PlyCount "59"]
[EventDate "2003.11.??"]
[EventType "swiss"]
[EventRounds "5"]
[EventCountry "GER"]
[SourceTitle "EXT 2005"]
[Source "ChessBase"]
[SourceDate "2004.11.15"]
[SourceVersion "1"]
[SourceVersionDate "2004.11.15"]
[SourceQuality "1"]

1. d4 Nf6 2. Nf3 d6 3. e3 Nbd7 4. c4 e5 5. Nc3 c6 6. Qc2 Be7 7. Be2 0-0 8. 0-0 Re8 9. b3 Bf8 10. dxe5 dxe5 11. Bb2 Qc7 12. e4 a5 13. Na4 b6 14. Rac1 Nc5 15. Nxc5 Bxc5 16. h3 Nh5 17. a3 Nf4 18. Kh2 Qd6 19. Rfd1 Qh6 20. Ng1 Bxf2 21. Bf1 Qh4 22. Qc3 Bd4 23. Qd2 Bxg1+ 24. Kxg1 Qg3 25. Kh1 Nh5 26. Rc3 Qh4 27. Qe3 Bg4 28. Rd6 Rad8 29. Rcd3 Rxd6 30. Rxd6 1/2-1/2

[Event "Erlangen op 18th"]
[Site "Erlangen"]
[Date "2003.??.??"]
[Round "1"]
[White "Hetzner, Andreas"]
[Black "Dreiseitel, Ursula"]
[Result "1-0"]
[WhiteElo "1820"]
[BlackElo "1181"]
[PlyCount "47"]
[EventDate "2003.11.??"]
[EventType "swiss"]
[EventRounds "5"]
[EventCountry "GER"]
[SourceTitle "EXT 2005"]
[Source "ChessBase"]
[SourceDate "2004.11.15"]
[SourceVersion "1"]
[SourceVersionDate "2004.11.15"]
[SourceQuality "1"]

1. e4 e5 2. Nf3 Nc6 3. Bb5 Nf6 4. 0-0 Be7 5. Re1 0-0 6. c3 a6 7. Ba4 b5 8. Bc2 Bb7 9. d4 d6 10. Nbd2 Re8 11. a4 Qd7 12. b4 exd4 13. cxd4 Nxb4 14. Bb3 Nd3 15. Re3 Nf4 16. Ng5 d5 17. e5 Ng4 18. Rg3 Bxg5 19. Rxg4 Qe7 20. Nf3 Ne6 21. Nxg5 Nxg5 22. Bxg5 Qe6 23. Bf6 g6 24. Qd2 1-0

[Event "Pyramiden Franken Cup 5th"]
[Site "Fuerth"]
[Date "2002.09.08"]
[Round "9"]
[White "Hetzner, Andreas"]
[Black "Wagenfeld, Wladymyr"]
[Result "1-0"]
[WhiteElo "1917"]
[BlackElo "1689"]
[PlyCount "45"]
[EventDate "2002.08.31"]
[EventType "swiss"]
[EventRounds "9"]
[EventCountry "GER"]
[SourceTitle "CBM 090 Extra"]
[Source "ChessBase"]
[SourceDate "2002.11.07"]
[SourceVersion "1"]
[SourceVersionDate "2002.11.07"]
[SourceQuality "1"]

1. e4 e6 2. d4 d5 3. Nd2 Nf6 4. e5 Nfd7 5. Bd3 c5 6. c3 Nc6 7. Ne2 Qb6 8. Nf3 Be7 9. 0-0 0-0 10. Bb1 f6 11. Nf4 Nd8 12. Re1 cxd4 13. cxd4 f5 14. h4 Qc6 15. g4 g6 16. gxf5 gxf5 17. Ng5 Bxg5 18. hxg5 Nb6 19. Kh2 Qd7 20. Rg1 Qg7 21. Qh5 Kh8 22. g6 Rg8 23. Nh3 1-0

[Event "Pyramiden Franken Cup 5th"]
[Site "Fuerth"]
[Date "2002.09.06"]
[Round "7"]
[White "Babichev, Vyacheslav"]
[Black "Hetzner, Andreas"]
[Result "1-0"]
[WhiteElo "1766"]
[BlackElo "1917"]
[PlyCount "89"]
[EventDate "2002.08.31"]
[EventType "swiss"]
[EventRounds "9"]
[EventCountry "GER"]
[SourceTitle "CBM 090 Extra"]
[Source "ChessBase"]
[SourceDate "2002.11.07"]
[SourceVersion "1"]
[SourceVersionDate "2002.11.07"]
[SourceQuality "1"]

1. d4 d5 2. e4 dxe4 3. Nc3 Nf6 4. f3 exf3 5. Qxf3 e6 6. Nge2 Be7 7. Qg3 0-0 8. Bh6 Ne8 9. h4 Kh8 10. Bg5 Nd7 11. Bxe7 Qxe7 12. 0-0-0 c6 13. Ne4 Ndf6 14. N2c3 Nxe4 15. Nxe4 Nf6 16. Ng5 Nh5 17. Qd3 g6 18. g3 f6 19. Ne4 e5 20. Be2 Bf5 21. Qe3 Bxe4 22. Bxh5 Bxh1 23. Bg4 Bd5 24. Kb1 Rfe8 25. Re1 Rad8 26. c3 Be6 27. Bd1 Bc8 28. Qf2 Qd6 29. d5 Bf5+ 30. Kc1 Qxd5 31. g4 Be4 32. Qxf6+ Kg8 33. Bb3 Qxb3 34. axb3 Bd5 35. c4 Rf8 36. Qxe5 Bf7 37. Qg5 Rd6 38. h5 Rfd8 39. h6 Be6 40. Qf6 R8d7 41. Rxe6 Rd1+ 42. Kc2 R7d2+ 43. Kc3 Rd3+ 44. Kb4 c5+ 45. Kxc5 1-0

[Event "Pyramiden Franken Cup 5th"]
[Site "Fuerth"]
[Date "2002.09.05"]
[Round "6"]
[White "Hetzner, Andreas"]
[Black "Schmitt, Werner"]
[Result "1-0"]
[WhiteElo "1917"]
[BlackElo "1700"]
[PlyCount "27"]
[EventDate "2002.08.31"]
[EventType "swiss"]
[EventRounds "9"]
[EventCountry "GER"]
[SourceTitle "CBM 090 Extra"]
[Source "ChessBase"]
[SourceDate "2002.11.07"]
[SourceVersion "1"]
[SourceVersionDate "2002.11.07"]
[SourceQuality "1"]

1. e4 e5 2. Nf3 Nf6 3. Nxe5 d6 4. Nf3 Nxe4 5. d4 d5 6. Bd3 Be7 7. 0-0 0-0 8. h3 Nd7 9. Nbd2 f5 10. c4 c6 11. cxd5 cxd5 12. Qb3 Nb6 13. Bxe4 fxe4 14. Nxe4 1-0

[Event "Pyramiden Franken Cup 5th"]
[Site "Fuerth"]
[Date "2002.09.03"]
[Round "4"]
[White "Hetzner, Andreas"]
[Black "Kleibaumhueter, Klaus"]
[Result "0-1"]
[WhiteElo "1917"]
[BlackElo "2184"]
[PlyCount "50"]
[EventDate "2002.08.31"]
[EventType "swiss"]
[EventRounds "9"]
[EventCountry "GER"]
[SourceTitle "CBM 090 Extra"]
[Source "ChessBase"]
[SourceDate "2002.11.07"]
[SourceVersion "1"]
[SourceVersionDate "2002.11.07"]
[SourceQuality "1"]

1. e4 e6 2. d4 d5 3. Nd2 c5 4. Ngf3 cxd4 5. exd5 Qxd5 6. Bc4 Qd6 7. 0-0 Nf6 8. Nb3 Nc6 9. Nbxd4 Nxd4 10. Nxd4 Be7 11. Be3 a6 12. Qe2 0-0 13. Rad1 Qc7 14. c3 e5 15. Nb3 b5 16. Bd3 Be6 17. Bg5 e4 18. Bxe4 Ng4 19. f4 Bxg5 20. Bxa8 Bxf4 21. g3 Qa7+ 22. Rd4 Be3+ 23. Rf2 Bxf2+ 24. Kf1 Bxd4 25. Nxd4 Bc4 0-1